Estudios sobre Hölderlin
Saved in:
| Hovedforfatter: | |
|---|---|
| Format: | Bog |
| Sprog: | spansk |
| Udgivet: |
Barcelona
Destino
1992
|
| Serier: | Ensayos Destinos, 7
|
| Fag: | |
| Tags: |
Tilføj Tag
Ingen Tags, Vær først til at tagge denne postø!
|
MARC
| LEADER | 00000nam a2200000 a 4500 | ||
|---|---|---|---|
| 001 | UCQ1029 | ||
| 003 | CL-VaPUC | ||
| 008 | 980703e19920000SP |||||||||||||||||spa|d | ||
| 082 | 0 | 4 | |a 831.09 |b SZO |2 21 |
| 100 | 0 | |a Szondi, Peter |e author |9 414536 | |
| 245 | 1 | 0 | |a Estudios sobre Hölderlin |
| 300 | |a 222 p | ||
| 942 | |c BK | ||
| 945 | |d 19980703 00:00:00 |a mvenant | ||
| 260 | |a Barcelona |b Destino |c 1992 | ||
| 600 | 0 | 7 | |a HOLDERLIN, FRIEDRICH |2 CL-VaPUC |9 265116 |
| 650 | 7 | |a POESIA ALEMANA |2 CL-VaPUC |9 414537 | |
| 650 | 0 | |a Historia y crítica |9 257407 | |
| 583 | |a last modification |c 19980703 00:00:00 |k Rodrigo Vera | ||
| 490 | 0 | |a Ensayos Destinos, 7 | |
| 999 | |c 272040 |d 272038 | ||
| 952 | |0 0 |1 0 |4 0 |6 831_090000000000000_SZO_1992 |7 0 |8 A |9 306870 |a BIBART |b BIBART |d 2019-11-20 |i 3441741 |o 831.09 SZO 1992 |p 3441741 |r 2025-03-13 |w 2019-11-20 |y BK |k ART | ||